<?xml version="1.0" encoding="UTF-8"?>
<record
    xmlns:xsi="http://www.w3.org/2001/XMLSchema-instance"
    xsi:schemaLocation="http://www.loc.gov/MARC21/slim http://www.loc.gov/standards/marcxml/schema/MARC21slim.xsd"
    xmlns="http://www.loc.gov/MARC21/slim">

  <leader>01592naa a2200253 i 4500</leader>
  <controlfield tag="001">3385</controlfield>
  <controlfield tag="003">KOSZ 005</controlfield>
  <controlfield tag="005">20180214104346.0</controlfield>
  <controlfield tag="008">141108s2005    pl     f     |100 0 pol</controlfield>
  <datafield tag="040" ind1=" " ind2=" ">
    <subfield code="c">BPK</subfield>
    <subfield code="d">KOSZ 005/EG</subfield>
  </datafield>
  <datafield tag="080" ind1=" " ind2=" ">
    <subfield code="a">621.73/.77</subfield>
  </datafield>
  <datafield tag="100" ind1="1" ind2=" ">
    <subfield code="a">KUKIE&#x141;KA, Leon.</subfield>
    <subfield code="d">1996 - .</subfield>
    <subfield code="b">Politechnika Koszali&#x144;ska - Wydzia&#x142; Mechaniczny,</subfield>
    <subfield code="c">Katedra Maszyn Roboczych</subfield>
  </datafield>
  <datafield tag="245" ind1="1" ind2="0">
    <subfield code="a">Numeryczna analiza wp&#x142;ywu temperatury cz&#x119;&#x15B;ci na si&#x142;y wygniatania gwintu metrycznego /</subfield>
    <subfield code="c">Dariusz Rusak, Rafa&#x142; Gryglicki, Leon Kukie&#x142;ka.</subfield>
  </datafield>
  <datafield tag="246" ind1="3" ind2="1">
    <subfield code="a">Numerical analysis of the elements temperature influence on the forces needed to extrude thread</subfield>
  </datafield>
  <datafield tag="500" ind1=" " ind2=" ">
    <subfield code="a">Dane z autopsji.</subfield>
  </datafield>
  <datafield tag="520" ind1=" " ind2=" ">
    <subfield code="a">Przedstawiono przyk&#x142;adowe wyniki oblicze&#x144; rozk&#x142;adu napr&#x119;&#x17C;e&#x144; zredukowanych, wykresu si&#x142; wygniatania oraz rozk&#x142;adu odkszta&#x142;ce&#x144; plastycznych w materiale. Wykazano, i&#x17C; wzrost temperatury cz&#x119;&#x15B;ci poddawanej obr&#xF3;bce, wp&#x142;ywa na zmniejszenie si&#x142; potrzebnych do wygniecenia &#x17C;&#x105;danego gwintu. Opracowano aplikacj&#x119; w programie Abaqus, wykorzystuj&#x105;c&#x105; metod&#x119; element&#xF3;w sko&#x144;czonych.</subfield>
  </datafield>
  <datafield tag="650" ind1=" " ind2="0">
    <subfield code="a">Analiza numeryczna.</subfield>
  </datafield>
  <datafield tag="650" ind1=" " ind2="0">
    <subfield code="a">Metoda element&#xF3;w sko&#x144;czonych.</subfield>
  </datafield>
  <datafield tag="650" ind1=" " ind2="0">
    <subfield code="a">Gwintowanie.</subfield>
  </datafield>
  <datafield tag="655" ind1=" " ind2="0">
    <subfield code="a">Materia&#x142;y konferencyjne.</subfield>
  </datafield>
  <datafield tag="711" ind1="2" ind2="2">
    <subfield code="a">S&#x142;upskie Forum Motoryzacji</subfield>
    <subfield code="n">(8 ;</subfield>
    <subfield code="d">2005 ;</subfield>
    <subfield code="c">S&#x142;upsk, Polska).</subfield>
  </datafield>
  <datafield tag="773" ind1="0" ind2=" ">
    <subfield code="i">W :</subfield>
    <subfield code="t">VIII Konferencja naukowo-techniczna nt. Wsp&#xF3;&#x142;czesne technologie w motoryzacji a bezpiecze&#x144;stwo ruchu drogowego : S&#x142;upsk 24.5.2005 / pod red. Leona Kukie&#x142;ki. -</subfield>
    <subfield code="d">S&#x142;upsk : Starostwo Powiatowe w S&#x142;upsku, 2005. -</subfield>
    <subfield code="g">s. 205-212</subfield>
  </datafield>
  <datafield tag="942" ind1=" " ind2=" ">
    <subfield code="c">ROZ</subfield>
    <subfield code="2">UKD</subfield>
  </datafield>
  <datafield tag="999" ind1=" " ind2=" ">
    <subfield code="c">3385</subfield>
    <subfield code="d">3385</subfield>
  </datafield>
  <datafield tag="952" ind1=" " ind2=" ">
    <subfield code="0">0</subfield>
    <subfield code="1">0</subfield>
    <subfield code="4">0</subfield>
    <subfield code="7">0</subfield>
    <subfield code="a">BPK</subfield>
    <subfield code="b">BPK</subfield>
    <subfield code="o">76403</subfield>
    <subfield code="y">ROZ</subfield>
  </datafield>
</record>
